The comparative approach to Jan Aushadhi Kendras (Record no. 528790)

000 -LEADER
fixed length control field 00663nam a22001337a 4500
008 - FIXED-LENGTH DATA ELEMENTS--GENERAL INFORMATION
fixed length control field 250110b ||||| |||| 00| 0 eng d
100 ## - MAIN ENTRY--PERSONAL NAME
Personal name Priya, Eesha
245 ## - TITLE STATEMENT
Title The comparative approach to Jan Aushadhi Kendras
260 ## - PUBLICATION, DISTRIBUTION, ETC. (IMPRINT)
Place of publication, distribution, etc Yojana
300 ## - PHYSICAL DESCRIPTION
Extent 69(1), Jan, 2025: p.46-48
520 ## - SUMMARY, ETC.
Summary, etc The jan Aushadhi scheme ensures easy access to high quality affordable medicines thought Jan Aushadhi Kendras. Revamped as PMBJP, it offers drug at 50-90% cheaper rates than branded during. The ministry of cooperation’s initiatives has strengthened PACS, allowing them to open Jan Aushadhi Kendras. – Reproduced
773 ## - HOST ITEM ENTRY
Main entry heading Yojana
942 ## - ADDED ENTRY ELEMENTS (KOHA)
Item type Articles
Holdings
Withdrawn status Lost status Source of classification or shelving scheme Damaged status Not for loan Permanent location Current location Date acquired Serial Enumeration / chronology Barcode Date last seen Koha item type
          Indian Institute of Public Administration Indian Institute of Public Administration 2025-01-10 69(1), Jan, 2025: p.46-48 AR134983 2025-01-10 Articles

Powered by Koha